000 00403nam a22001697a 4500
005 20160617164644.0
008 160617b xxu||||| |||| 00| 0 eng d
020 _a0-07-058227-0
041 _aeng
082 _b8045
100 _aRay port, Jeffrey F and Jaworship
_92159
245 _aIntroduction to E. Commerce
260 _bTMH
_c2003
300 _a492
650 _aManagement
_9241
942 _cBK
999 _c3014
_d3013